Controlling of insect and disease on tomato province, វិធានការកម្ចាត់សត្វល្អិតចង្រៃ និងជំងឺនៅលើផលិតកម្មដំណាំប៉េងប៉ោះ (Record no. 1658)

000 -LEADER
fixed length control field 00598nam a22001577a 4500
003 - CONTROL NUMBER IDENTIFIER
control field OSt
005 - DATE AND TIME OF LATEST TRANSACTION
control field 20151002140613.0
008 - FIXED-LENGTH DATA ELEMENTS--GENERAL INFORMATION
fixed length control field 151002b xxu||||| |||| 00| 0 eng d
040 ## - CATALOGING SOURCE
Transcribing agency RUA
082 ## - DEWEY DECIMAL CLASSIFICATION NUMBER
Classification number AGR HO 2012 B050 Or.1
100 ## - MAIN ENTRY--PERSONAL NAME
9 (RLIN) 1757
Personal name HO, CHEA
245 ## - TITLE STATEMENT
Title Controlling of insect and disease on tomato province, វិធានការកម្ចាត់សត្វល្អិតចង្រៃ និងជំងឺនៅលើផលិតកម្មដំណាំប៉េងប៉ោះ
260 ## - PUBLICATION, DISTRIBUTION, ETC. (IMPRINT)
Place of publication, distribution, etc. Phnom Penh
Name of publisher, distributor, etc. RUA
Date of publication, distribution, etc. 2012
300 ## - PHYSICAL DESCRIPTION
Extent xiii; 54p.
Other physical details ill.
Dimensions 29cm.
942 ## - ADDED ENTRY ELEMENTS (KOHA)
Source of classification or shelving scheme
Koha item type AGR
Holdings
Price effective from Date last seen Permanent Location Not for loan Date acquired Source of classification or shelving scheme Koha item type Lost status Withdrawn status Total Renewals Date last checked out Total Checkouts Shelving location Damaged status Barcode Current Location Full call number
2015-10-022023-11-22Library Block B 2015-10-02 AGR  12023-11-1712B050 RUA000304Library Block BAGR HO 2012 B050 Or.1
មជ្ឈមណ្ឌលឯការនៃសាកលវិទ្យាល័យភូមិន្ទកសិកម្មចំការដូង

Powered by Koha